Das Vergessene Appeasement Von 1920 : Lloyd George, Lenin und Polen.

Bibliographic Details
Main Author: Nowak, Andrzej.
Other Authors: Krzoska, Markus.
Format: eBook
Language:German
Published: Basel/Berlin/Boston : Walter de Gruyter GmbH, 2024.
Edition:1st ed.
Subjects:
Online Access:Click to View
LEADER 02893nam a22003613i 4500
001 EBC31465763
003 MiAaPQ
005 20240729202206.0
006 m o d |
007 cr cnu||||||||
008 240729s2024 xx o ||||0 ger d
020 |a 9783111331881  |q (electronic bk.) 
035 |a (MiAaPQ)EBC31465763 
035 |a (Au-PeEL)EBL31465763 
035 |a (OCoLC)1439603444 
040 |a MiAaPQ  |b eng  |e rda  |e pn  |c MiAaPQ  |d MiAaPQ 
100 1 |a Nowak, Andrzej. 
245 1 4 |a Das Vergessene Appeasement Von 1920 :  |b Lloyd George, Lenin und Polen. 
250 |a 1st ed. 
264 1 |a Basel/Berlin/Boston :  |b Walter de Gruyter GmbH,  |c 2024. 
264 4 |c ©2024. 
300 |a 1 online resource (412 pages) 
336 |a text  |b txt  |2 rdacontent 
337 |a computer  |b c  |2 rdamedia 
338 |a online resource  |b cr  |2 rdacarrier 
505 0 |a Intro -- Vorwort -- Inhaltsverzeichnis -- Einleitung -- Teil I: Der Traum vom unabhängigen Polen und die „Weltbegriffe" -- 1 Das Problem mit der polnischen Unabhängigkeit -- 2 Die Grenzen von Macht (und Vorstellungskraft) der Sieger: ein Blick aus Versailles -- 3 War Piłsudski ein Werkzeug von Paris? Frankreich und die polnische Ostpolitik (Januar - April 1920) -- 4 Ohnmacht: Washington, das Sowjetimperium und die Bedrohung der polnischen Unabhängigkeit -- Teil II: Die Polnische Krise - ein kurzer Lehrgang -- 1 Zwischen Lloyd Georges Frieden und Piłsudskis Frieden (Januar - April 1920) -- 2 Das Spiel um die Ukraine (Mai 1920) -- 3 In Richtung Curzon-Linie (Juni - Juli 1920) -- 4 Antwort aus dem Politbüro (Juli 1920) -- 5 Frieden um jeden (polnischen) Preis -- Teil III: Wie arbeitet das Hirn des Imperiums? -- 1 Balfour oder Das Zurückdrängen des Chaos -- 2 Lewis Namier - oder die Rache auf der (polnischen) Landkarte -- 3 Zwei Sekretäre: Kerr und Hankey -- 4 Der richtige Mann am falschen Ort: Horace Rumbold in Warschau -- 5 Lloyd George und seine machtlosen Minister (Curzon und Churchill) -- 6 Die „Stimme des Volkes" und ihre Repräsentanten -- 7 Brainstorming und seine „Befriedigung" (Juni - August 1920) -- 8 Coda -- Teil IV: Polnische Anhänge und Fragen -- 1 Links ist frei oder Piłsudskis Appeasement -- 2 Fragen zum Frieden von Riga -- Abbildungsverzeichnis -- Bibliographie -- Index. 
588 |a Description based on publisher supplied metadata and other sources. 
590 |a Electronic reproduction. Ann Arbor, Michigan : ProQuest Ebook Central, 2024. Available via World Wide Web. Access may be limited to ProQuest Ebook Central affiliated libraries.  
655 4 |a Electronic books. 
700 1 |a Krzoska, Markus. 
776 0 8 |i Print version:  |a Nowak, Andrzej  |t Das Vergessene Appeasement Von 1920  |d Basel/Berlin/Boston : Walter de Gruyter GmbH,c2024 
797 2 |a ProQuest (Firm) 
856 4 0 |u https://ebookcentral.proquest.com/lib/matrademy/detail.action?docID=31465763  |z Click to View